| 000 | 01235nam0a22002411i 4500 | ||
|---|---|---|---|
| 001 | rc\4152702 | ||
| 005 | 20240724154617.0 | ||
| 021 |
_aRU _b[53-27196] |
||
| 035 | _a(NLR Aleph) 007992635 | ||
| 090 |
_a8589171 _c8589171 |
||
| 100 | _a20130415d1953 |||y0rusy50 ca | ||
| 101 | 0 | _arus | |
| 102 | _aRU | ||
| 105 | _ay d ||||| | ||
| 200 | 1 |
_aКоммунистическая партия Советского Союза в борьбе за повышение производительности труда в промышленности _e(На материалах Воронежской обл. 1946-1950 гг.) _eАвтореферат дис. на соискание учен. степени кандидата ист. наук _fИн-т повышения квалификации преподавателей марксизма-ленинизма при Моск. ордена Ленина гос. ун-те им. М.В. Ломоносова |
|
| 210 |
_aМосква _d1953 |
||
| 215 |
_a16 с. _d21 |
||
| 333 | _aНа правах рукописи | ||
| 700 | 1 |
_aСеменов _bС.С. _gСергей Семенович |
|
| 801 | 0 |
_aRU _bNLR _gpsbo |
|
| 801 | 1 |
_aRU _bELAR _2rusmarc |
|
| 852 |
_aNLR _jИп10 Г-4/1152 |
||
| 942 | _cBOOK | ||